000
00302nam a2200145Ia 4500
100
_a
Shah/ D.D./ Bhagali/ A.C.
250
_a
4
942
_c
BK
654
_a
signal
245
_a
Signals and system
260
_b
Mahalaxmi
_c
2000
082
_a
621.382
_b
SHA/BHA
300
_a
584
546
_a
ENGLISH
999
_c
29315
_d
29315